000 01423nam a2200301 a 4500
001 000005872
003 OSt
005 20250401130908.0
008 090824s1999 dr c 000 0 spa d
020 _a9993422012
040 _aDO-SdBNP
_bspa
_cBNPHU
082 4 _a342.729303
_bC766p
_222
111 2 _aConversatorio la participación política en la reforma constitucional
_d(1999 :
_cSanto Domingo)
_916555
245 1 3 _aLa participación política en la reforma constitucional /
_cexpositor Pedro Catrain.
260 _aSanto Domingo :
_bComisión Presidencial para la Reforma y Modernización del Estado,
_c1999.
300 _a88 p. :
_bretrs. ;
_c21 cm.
490 1 _aDebates constitucionales,
_aConversatorios
_v2
590 _aInventariado, 2018/VM
650 4 _aReformas constitucionales
_zRepública Dominicana
_vCongresos, conferencias, etc.
_916556
650 4 _aGobierno representativo
_zRepública Dominicana
_vCongresos, conferencias, etc.
_916557
651 4 _aRepública Dominicana
_xDerecho Constitucional
_vCongresos, conferencias, etc
_916558
700 1 2 _aCatrain, Pedro
_916559
710 2 _aComisión Presidencial para la Reforma y Modernización del Estado (República Dominicana)
_97089
710 2 _aPrograma de las Naciones Unidas para el Desarrollo
_9187
830 0 _aDebates constitucionales,
_pConversatorios
_n2
_916560
910 _aVMateo Validado. Control de calidad MFF
942 _2ddc
_cLBS1
999 _c5668
_d5668